[Event "Aeroflot Open 2011 B"]
[Site "Moscu RUS"]
[Date "2011.02.08"]
[Round "1.48"]
[White "Tunik, Gennady"]
[Black "Saduakassova, Dinara"]
[Result "1/2-1/2"]
[WhiteElo "2450"]
[BlackElo "2225"]
[PlyCount "139"]
[EventDate "2011.02.08"]
[EventType "swiss"]
[EventRounds "9"]
[EventCountry "RUS"]
[Source "lmi"]
[SourceDate "2011.02.08"]

1. d4 Nf6 2. c4 e6 3. Nf3 d5 4. Nc3 Bb4 5. cxd5 exd5 6. Bg5 Nbd7 7. Qb3 c5 8.
a3 Bxc3+ 9. Qxc3 h6 10. Qe3+ Kf8 11. Bxf6 Qxf6 12. g3 Nb6 13. Bg2 Bf5 14. dxc5
Qxb2 15. Qd4 Nc4 16. Qxb2 Nxb2 17. Nd4 Bg6 18. Bh3 Ke7 19. O-O Nc4 20. Rfd1 Nb2
21. Rdc1 Rhe8 22. a4 Kf8 23. a5 a6 24. Ra2 Nc4 25. e3 Be4 26. Rc3 Ne5 27. Rb2
Re7 28. Bf1 Rc8 29. Rb4 Rec7 30. f4 Nc4 31. Nb3 Nd6 32. Kf2 Bg6 33. Bg2 Be4 34.
Bh3 Rd8 35. Bf1 Bg6 36. Bg2 Be4 37. Rc1 Bxg2 38. cxd6 Rxc1 39. Nxc1 Be4 40. Nb3
Rxd6 41. Rxb7 Rc6 42. Nd4 Rc5 43. Rb6 Bd3 44. Kf3 g6 45. f5 gxf5 46. Nc6 Kg7
47. Kf4 Rc4+ 48. Nd4 Ra4 49. Ke5 Rxa5 50. Nxf5+ Bxf5 51. Kxf5 d4+ 52. Ke4 dxe3
53. Kxe3 Ra2 54. h4 a5 55. Ra6 a4 56. Kf3 h5 57. Ra5 Kg6 58. Ra6+ f6 59. Ra5 a3
60. Ke3 Ra1 61. Kf3 a2 62. Kg2 Kf7 63. Ra6 Ke7 64. Kh2 f5 65. Kg2 Kd7 66. Ra7+
Kc6 67. Ra6+ Kb5 68. Ra8 Kc4 69. Rc8+ Kd3 70. Rd8+ 1/2-1/2

[Event "Aeroflot Open 2011 B"]
[Site "Moscu RUS"]
[Date "2011.02.08"]
[Round "1.49"]
[White "Korchmar, Vasiliy"]
[Black "Badmatsyrenov, Oleg"]
[Result "1-0"]
[WhiteElo "2216"]
[BlackElo "2449"]
[PlyCount "65"]
[EventDate "2011.02.08"]
[EventType "swiss"]
[EventRounds "9"]
[EventCountry "RUS"]
[Source "lmi"]
[SourceDate "2011.02.08"]

1. e4 c5 2. Nf3 e6 3. d4 cxd4 4. Nxd4 a6 5. Bd3 Bc5 6. Nb3 Be7 7. Qg4 g6 8. Qe2
d6 9. Na3 Nc6 10. O-O Ne5 11. f4 Nxd3 12. cxd3 Nf6 13. Nc4 b5 14. Nca5 Bd7 15.
Be3 O-O 16. Rac1 Qe8 17. Nd4 Bd8 18. Nb7 Be7 19. Na5 Rc8 20. Rxc8 Qxc8 21. Rc1
Qa8 22. Ndc6 Bd8 23. Nxd8 Rxd8 24. Bd4 Nh5 25. Qe3 Re8 26. Rc7 e5 27. fxe5 dxe5
28. Bxe5 Rxe5 29. Rxd7 Qc8 30. Rd5 Re8 31. Nb3 Qc2 32. Qc1 Rc8 33. Rd8+ 1-0

[Event "Aeroflot Open 2011 B"]
[Site "Moscu RUS"]
[Date "2011.02.08"]
[Round "1.50"]
[White "Shukh, Nikolai"]
[Black "Bajt, Indira"]
[Result "1-0"]
[WhiteElo "2442"]
[BlackElo "2215"]
[PlyCount "135"]
[EventDate "2011.02.08"]
[EventType "swiss"]
[EventRounds "9"]
[EventCountry "RUS"]
[Source "lmi"]
[SourceDate "2011.02.08"]

1. e4 c5 2. Nf3 e6 3. d4 cxd4 4. c3 d3 5. Bxd3 d6 6. O-O Nf6 7. c4 Be7 8. Nc3
a6 9. h3 Qc7 10. Bf4 Nbd7 11. Rc1 b6 12. Qe2 Bb7 13. Rfd1 O-O 14. b4 Rfe8 15.
a3 Rac8 16. c5 bxc5 17. Bxa6 e5 18. Bg5 Bxa6 19. Qxa6 Ra8 20. Qe2 Qb6 21. bxc5
Nxc5 22. Bxf6 Bxf6 23. Nd5 Qd8 24. Rc3 Ra4 25. Qb5 Ra8 26. Qe2 Ne6 27. Qc2 Bg5
28. a4 h6 29. Rb1 Qa5 30. h4 Be7 31. Rc4 Qd8 32. g3 Bf8 33. Kg2 Ra5 34. Rb5 Ra7
35. Qd2 Qd7 36. Rb1 Nf4+ 37. gxf4 Qg4+ 38. Kh2 Qxf3 39. Rg1 Kh8 40. f5 Rb8 41.
Qe3 Qh5 42. Qg3 Qe2 43. Rgc1 Rab7 44. f6 g6 45. R1c2 Qd1 46. Ne3 Qa1 47. Qf3
Rb1 48. Rc7 Kg8 49. h5 Rg1 50. hxg6 Rxg6 51. Rc1 Rb1 52. Rxb1 Qxb1 53. Rc8 Qg1+
54. Kh3 Rg5 55. Rd8 h5 56. a5 Qa1 57. Qd1 Qd4 58. Qxd4 exd4 59. Nc4 Rc5 60. a6
Rxc4 61. a7 Ra4 62. a8=Q Rxa8 63. Rxa8 d3 64. Kh4 d2 65. Ra1 Bh6 66. Kxh5 Kh7
67. Rd1 Bf4 68. Kg4 1-0

[Event "Aeroflot Open 2011 B"]
[Site "Moscu RUS"]
[Date "2011.02.08"]
[Round "1.52"]
[White "Dimakiling, Oliver"]
[Black "Berube, Antoine"]
[Result "1-0"]
[WhiteElo "2432"]
[BlackElo "2146"]
[PlyCount "81"]
[EventDate "2011.02.08"]
[EventType "swiss"]
[EventRounds "9"]
[EventCountry "RUS"]
[Source "lmi"]
[SourceDate "2011.02.08"]

1. Nf3 d5 2. e3 Nf6 3. b3 Bg4 4. Bb2 e6 5. h3 Bxf3 6. Qxf3 Nbd7 7. c4 c6 8. Nc3
Bd6 9. g4 h6 10. Qe2 Qe7 11. a3 a5 12. d4 dxc4 13. bxc4 e5 14. Bg2 O-O 15. O-O
Rfe8 16. c5 Bc7 17. Qc4 e4 18. f3 exf3 19. Rxf3 Qe6 20. Qxe6 Rxe6 21. Raf1 Rae8
22. e4 R6e7 23. Rf5 Nh7 24. e5 f6 25. Ne4 fxe5 26. Nd6 Bxd6 27. cxd6 Re6 28.
dxe5 Nhf8 29. Rf7 Nxe5 30. Bxe5 Rxe5 31. d7 Nxd7 32. Rxd7 R5e7 33. Rxe7 Rxe7
34. Rf5 b6 35. Bxc6 Rc7 36. Bd5+ Kh7 37. Kg2 Rc3 38. a4 Re3 39. h4 Re1 40. h5
Re3 41. Rf8 1-0

[Event "Aeroflot Open 2011 B"]
[Site "Moscu RUS"]
[Date "2011.02.08"]
[Round "1.53"]
[White "Adamowicz, Katarzyna"]
[Black "Kanter, Eduard"]
[Result "0-1"]
[WhiteElo "2103"]
[BlackElo "2429"]
[PlyCount "90"]
[EventDate "2011.02.08"]
[EventType "swiss"]
[EventRounds "9"]
[EventCountry "RUS"]
[Source "lmi"]
[SourceDate "2011.02.08"]

1. d4 Nf6 2. c4 g6 3. Nc3 d5 4. cxd5 Nxd5 5. Bd2 Nb6 6. Bg5 Bg7 7. e3 O-O 8.
Nf3 h6 9. Bh4 c5 10. Be2 Nc6 11. dxc5 Qxd1+ 12. Rxd1 Bxc3+ 13. bxc3 Na4 14. Nd4
g5 15. Bg3 Nxc3 16. Rd3 Nxa2 17. Nxc6 bxc6 18. Ra3 Nb4 19. O-O Bf5 20. Rd1 a5
21. f3 Ra7 22. Bc4 Rfa8 23. e4 Be6 24. Bxe6 fxe6 25. Ra4 Rb7 26. Rb1 Rb5 27.
Be1 Nd3 28. Rxb5 cxb5 29. Rxa5 Rxa5 30. Bxa5 Nxc5 31. Kf1 Kf7 32. Ke2 e5 33.
Bb6 Ne6 34. Kd2 Ke8 35. Kc3 Kd7 36. Kb4 Kc6 37. Be3 Nf4 38. g3 Nd3+ 39. Kc3 Ne1
40. f4 gxf4 41. gxf4 Ng2 42. Ba7 exf4 43. Bb8 f3 44. Bg3 Nf4 45. Kd2 Nh3 0-1

[Event "Aeroflot Open 2011 B"]
[Site "Moscu RUS"]
[Date "2011.02.09"]
[Round "2.1"]
[White "Gabrielian, Artur"]
[Black "Nakhapetiane, Pogos"]
[Result "0-1"]
[WhiteElo "2543"]
[BlackElo "2469"]
[PlyCount "116"]
[EventDate "2011.02.08"]
[EventType "swiss"]
[EventRounds "9"]
[EventCountry "RUS"]
[Source "lmi"]
[SourceDate "2011.02.08"]

1. e4 c5 2. Nf3 Nc6 3. d4 cxd4 4. Nxd4 e5 5. Nb5 d6 6. N1c3 a6 7. Nd5 axb5 8.
Be3 Ra4 9. Bxb5 Rxe4 10. O-O Be7 11. Bb6 Qd7 12. f3 Rh4 13. Qe1 Nh6 14. Nc7+
Kf8 15. Rd1 g5 16. Nd5 Nf5 17. Bf2 Rh6 18. Nb6 Qd8 19. c3 Be6 20. a4 Kg7 21.
Qe4 Qc7 22. b4 Bf6 23. Bc4 Nce7 24. Rfe1 Rd8 25. a5 Bxc4 26. Qxc4 Qxc4 27. Nxc4
d5 28. b5 Ra8 29. a6 dxc4 30. axb7 Rb8 31. Rd7 Nd6 32. Rxd6 Rxb7 33. b6 e4 34.
Rxe4 Bxc3 35. Rxh6 Kxh6 36. Bc5 Nd5 37. h4 Nxb6 38. Be3 Bf6 39. Rg4 Be7 40.
hxg5+ Kg6 41. Bxb6 Rxb6 42. Rxc4 Bxg5 43. Kh2 h5 44. Ra4 Be7 45. Kh3 Rb1 46.
Ra6+ f6 47. g3 Rb2 48. Rc6 Bd8 49. Rc1 Bb6 50. Rd1 Rf2 51. f4 Rb2 52. Ra1 Re2
53. Rb1 Ba5 54. Rb8 Re3 55. Rg8+ Kh7 56. Ra8 Be1 57. Kh4 Kg6 58. Rg8+ Kf5 0-1

[Event "Aeroflot Open 2011 B"]
[Site "Moscu RUS"]
[Date "2011.02.09"]
[Round "2.2"]
[White "Kalegin, Evgenij"]
[Black "Pridorozhni, Aleksei"]
[Result "1-0"]
[WhiteElo "2462"]
[BlackElo "2543"]
[PlyCount "75"]
[EventDate "2011.02.08"]
[EventType "swiss"]
[EventRounds "9"]
[EventCountry "RUS"]
[Source "lmi"]
[SourceDate "2011.02.08"]

1. e4 c5 2. Nf3 Nc6 3. Bb5 g6 4. Bxc6 dxc6 5. d3 Bg7 6. Nbd2 Nh6 7. a4 a5 8. h3
f6 9. Nc4 e5 10. Be3 b6 11. b4 cxb4 12. Qd2 Nf7 13. Bxb6 Qe7 14. Bxa5 Rb8 15.
Bb6 Ba6 16. a5 f5 17. Qe2 O-O 18. Nfd2 Ng5 19. O-O Ne6 20. exf5 Rxf5 21. Ne4
Nd4 22. Qd1 Qh4 23. Ncd6 Rf4 24. Bxd4 exd4 25. g3 Qxh3 26. gxf4 Rf8 27. Qe2
Rxf4 28. f3 Rh4 29. Qg2 Qe6 30. Qg3 Rh5 31. Qg4 Qd5 32. Qd7 Rf5 33. Rae1 b3 34.
cxb3 Bxd3 35. Rf2 Rf8 36. Qe7 Qxa5 37. Ng5 Bf5 38. Ne8 1-0

[Event "Aeroflot Open 2011 B"]
[Site "Moscu RUS"]
[Date "2011.02.09"]
[Round "2.3"]
[White "Gomez, John Paul"]
[Black "Sharafiev, Azat"]
[Result "1-0"]
[WhiteElo "2527"]
[BlackElo "2462"]
[PlyCount "67"]
[EventDate "2011.02.08"]
[EventType "swiss"]
[EventRounds "9"]
[EventCountry "RUS"]
[Source "lmi"]
[SourceDate "2011.02.08"]

1. d4 Nf6 2. c4 e6 3. g3 c5 4. Nf3 cxd4 5. Nxd4 Nc6 6. Nc3 Qb6 7. Nb3 Ne5 8. e4
Bb4 9. Qe2 d6 10. f4 Nc6 11. Be3 Qc7 12. Bg2 Bxc3+ 13. bxc3 b6 14. Nd4 Nxd4 15.
cxd4 Bb7 16. e5 dxe5 17. fxe5 Nd7 18. Bxb7 Qxb7 19. O-O O-O 20. Qg4 Kh8 21. Rf4
Rac8 22. Raf1 f5 23. Qe2 Qa6 24. Rh4 Rfe8 25. d5 Qa3 26. Bd4 Qa6 27. g4 g5 28.
Rxh7+ Kxh7 29. gxf5 Qxc4 30. Qh5+ Kg8 31. Qxg5+ Kh8 32. Qh4+ Kg8 33. f6 Nxf6
34. exf6 1-0

[Event "Aeroflot Open 2011 B"]
[Site "Moscu RUS"]
[Date "2011.02.09"]
[Round "2.4"]
[White "Stukopin, Andrey"]
[Black "Iljushin, Alexei"]
[Result "1/2-1/2"]
[WhiteElo "2462"]
[BlackElo "2527"]
[PlyCount "77"]
[EventDate "2011.02.08"]
[EventType "swiss"]
[EventRounds "9"]
[EventCountry "RUS"]
[Source "lmi"]
[SourceDate "2011.02.08"]

1. e4 e5 2. Bc4 Nf6 3. d3 c6 4. Nf3 d5 5. Bb3 Bd6 6. Nc3 d4 7. Ne2 h6 8. O-O c5
9. c3 Nc6 10. cxd4 cxd4 11. Ng3 g6 12. Bd2 Kf8 13. a3 Kg7 14. Bc4 Qe7 15. b4 a6
16. Rc1 Bd7 17. Rc2 Rac8 18. Qb1 Na7 19. Rfc1 Bg4 20. h3 Bxf3 21. gxf3 Nh7 22.
Kg2 Qh4 23. Bd5 Ng5 24. Rh1 Rxc2 25. Qxc2 Rc8 26. Qb2 Rc7 27. Bxg5 hxg5 28. Rc1
Rd7 29. a4 Qh8 30. Ne2 Qb8 31. b5 axb5 32. axb5 b6 33. Qb3 Rc7 34. Rc4 Bc5 35.
Ra4 Qe8 36. Bc4 Nc8 37. Ra8 Ra7 38. Rxa7 Nxa7 39. Qa4 1/2-1/2

[Event "Aeroflot Open 2011 B"]
[Site "Moscu RUS"]
[Date "2011.02.09"]
[Round "2.5"]
[White "Stupak, Kirill"]
[Black "Bitoon, Richard"]
[Result "1/2-1/2"]
[WhiteElo "2527"]
[BlackElo "2461"]
[PlyCount "162"]
[EventDate "2011.02.08"]
[EventType "swiss"]
[EventRounds "9"]
[EventCountry "RUS"]
[Source "lmi"]
[SourceDate "2011.02.08"]

1. d4 Nf6 2. g3 e6 3. Bg2 d5 4. c4 Bb4+ 5. Nd2 O-O 6. Ngf3 b6 7. O-O Bb7 8.
cxd5 exd5 9. b3 Nbd7 10. Bb2 Re8 11. Rc1 Bd6 12. e3 Ne4 13. Qc2 Ndf6 14. Nxe4
Nxe4 15. Ne5 Qe7 16. Nc6 Qe6 17. Ne5 a5 18. a4 f6 19. Nd3 Ba6 20. Rfd1 Bb7 21.
Re1 Rad8 22. f3 Ng5 23. Nf2 Qf7 24. f4 Ne4 25. Nxe4 dxe4 26. Bf1 Qh5 27. Bb5
Re7 28. Bc6 Ba6 29. Qd1 Qh3 30. Bd5+ Kh8 31. Bc4 Bc8 32. Qe2 Bg4 33. Qg2 Qh6
34. Bc3 Bf3 35. Qf2 Qh5 36. Be2 Qd5 37. Rb1 Rde8 38. Rf1 h5 39. Bd2 Bxe2 40.
Qxe2 Qf5 41. b4 axb4 42. Bxb4 Ra8 43. Bxd6 cxd6 44. Rxb6 Rxa4 45. Rxd6 Rea7 46.
Rc6 Ra2 47. Rc2 Rxc2 48. Qxc2 Ra3 49. Qe2 Kh7 50. Rc1 Kg6 51. Kg2 Qg4 52. Rc2
Qe6 53. Rd2 Qf5 54. h3 Qc8 55. Ra2 Rc3 56. Rd2 Ra3 57. d5 Qc1 58. Kh2 Qc5 59.
d6 Rxe3 60. Qf2 h4 61. gxh4 Qc3 62. d7 Rxh3+ 63. Kg2 e3 64. d8=Q exf2 65. Qe8+
Kf5 66. Qd7+ Kg6 67. Qe8+ Kf5 68. Qd7+ Kg6 69. Qg4+ Kh6 70. Rxf2 Re3 71. Kh2 g6
72. Rg2 Qd3 73. Qc8 Kg7 74. Qc7+ Kh6 75. Qc8 Kg7 76. Qg4 Kh6 77. h5 Qf5 78.
hxg6 Qxg4 79. Rxg4 Kg7 80. Kg2 f5 81. Rg5 Ra3 1/2-1/2

[Event "Aeroflot Open 2011 B"]
[Site "Moscu RUS"]
[Date "2011.02.09"]
[Round "2.6"]
[White "Sharavdorj, Dashzegve"]
[Black "Shimanov, Aleksandr"]
[Result "1/2-1/2"]
[WhiteElo "2452"]
[BlackElo "2520"]
[PlyCount "130"]
[EventDate "2011.02.08"]
[EventType "swiss"]
[EventRounds "9"]
[EventCountry "RUS"]
[Source "lmi"]
[SourceDate "2011.02.08"]

1. d4 Nf6 2. c4 g6 3. Nc3 Bg7 4. e4 O-O 5. Nf3 d6 6. Be2 e5 7. O-O exd4 8. Nxd4
Re8 9. f3 c6 10. Kh1 Nbd7 11. Bg5 Qb6 12. Nb3 a5 13. Qd2 a4 14. Be3 Qd8 15. Nc1
Ne5 16. Rb1 Be6 17. b3 axb3 18. axb3 d5 19. exd5 cxd5 20. c5 Bf5 21. Rb2 Nc6
22. Bg5 Ra1 23. Nb5 h6 24. Bh4 g5 25. Nd6 Bg6 26. Nxe8 Nxe8 27. Bf2 Bxb2 28.
Qxb2 Rb1 29. Qd2 Qa5 30. Qxd5 Nc7 31. Qd7 Ne6 32. Bc4 Qc3 33. Qxb7 Ncd4 34. c6
Rxc1 35. c7 Qxc4 36. bxc4 Rxf1+ 37. Bg1 Nxc7 38. Qxc7 Ne2 39. h4 Rxg1+ 40. Kh2
g4 41. Qc8+ Kh7 42. Qxg4 h5 43. Qg5 Rc1 44. Qe5 Rxc4 45. Qxe2 Rxh4+ 46. Kg3 Ra4
47. Qe5 Ra6 48. f4 Re6 49. Qd4 Bf5 50. Qd5 Bg4 51. Kh4 Rf6 52. Qe4+ Kg8 53.
Qe8+ Kh7 54. Kg3 Rf5 55. Qe4 Kg8 56. Kf2 Rf6 57. Qa8+ Kh7 58. Qb8 Re6 59. Qf8
Rf6 60. Ke3 Be6 61. Ke4 Rf5 62. g3 Rd5 63. Qa8 Rf5 64. Qd8 Kg7 65. Qd4+ Kh7
1/2-1/2

[Event "Aeroflot Open 2011 B"]
[Site "Moscu RUS"]
[Date "2011.02.09"]
[Round "2.7"]
[White "Laylo, Darwin"]
[Black "Shukh, Nikolai"]
[Result "1-0"]
[WhiteElo "2516"]
[BlackElo "2442"]
[PlyCount "131"]
[EventDate "2011.02.08"]
[EventType "swiss"]
[EventRounds "9"]
[EventCountry "RUS"]
[Source "lmi"]
[SourceDate "2011.02.08"]

1. d4 Nf6 2. c4 c5 3. d5 b5 4. Nf3 d6 5. cxb5 a6 6. e3 g6 7. Nc3 Bg7 8. e4 O-O
9. a4 Nbd7 10. Bd2 axb5 11. Bxb5 Ba6 12. O-O Ng4 13. Qe2 Qb6 14. h3 Nge5 15.
Nxe5 Nxe5 16. Bg5 Rfe8 17. Be3 Nd7 18. Rfb1 Reb8 19. Bg5 Kf8 20. Qd2 Bxb5 21.
Nxb5 Qa5 22. Qc2 Qd8 23. Bd2 Nb6 24. Nc3 Nc4 25. Be1 Qd7 26. b3 Nb6 27. Ra2 Kg8
28. Ne2 Rb7 29. Bc3 Rba7 30. Bxg7 Kxg7 31. a5 Qc8 32. b4 cxb4 33. Qb2+ Kg8 34.
Qxb4 Qc4 35. Rab2 Qxb4 36. Rxb4 Nc8 37. Nd4 Rxa5 38. Nc6 Ra1 39. Rxa1 Rxa1+ 40.
Kh2 Ra8 41. Rb7 Kf8 42. Rd7 f6 43. h4 f5 44. f3 fxe4 45. fxe4 h5 46. Kg3 Kf7
47. Kf4 Kf6 48. Rc7 e5+ 49. dxe6 Nb6 50. Nd4 Rf8 51. Ke3 Na4 52. e7 Re8 53. Rd7
Rxe7 54. Rxd6+ Kg7 55. Rc6 Nb2 56. Ne6+ Kf7 57. Nf4 Ra7 58. Nxg6 Ra2 59. Nf4
Nd1+ 60. Kd4 Rd2+ 61. Ke5 Ne3 62. Rc7+ Kg8 63. g3 Ng4+ 64. Kf5 Ne3+ 65. Kg5 Nf1
66. Nxh5 1-0

[Event "Aeroflot Open 2011 B"]
[Site "Moscu RUS"]
[Date "2011.02.09"]
[Round "2.8"]
[White "Sieciechowicz, Marcin"]
[Black "Wen, Yang"]
[Result "0-1"]
[WhiteElo "2441"]
[BlackElo "2509"]
[PlyCount "50"]
[EventDate "2011.02.08"]
[EventType "swiss"]
[EventRounds "9"]
[EventCountry "RUS"]
[Source "lmi"]
[SourceDate "2011.02.08"]

1. d4 Nf6 2. c4 g6 3. Nc3 Bg7 4. e4 d6 5. Nf3 O-O 6. Be2 e5 7. O-O Na6 8. Be3
Ng4 9. Bg5 Qe8 10. c5 exd4 11. Nd5 Be6 12. Ne7+ Kh8 13. Nxd4 Nxc5 14. Nef5 Bf6
15. Bc1 gxf5 16. exf5 Bc4 17. Bxc4 Qe4 18. Be2 Nxf2 19. Kxf2 Bxd4+ 20. Ke1 Rae8
21. Rf3 Rg8 22. Kf1 Rxg2 23. Kxg2 Qg4+ 24. Kh1 Rxe2 25. Qf1 Re1 0-1

[Event "Aeroflot Open 2011 B"]
[Site "Moscu RUS"]
[Date "2011.02.09"]
[Round "2.9"]
[White "Durarbeyli, Vasif"]
[Black "Dimakiling, Oliver"]
[Result "0-1"]
[WhiteElo "2504"]
[BlackElo "2432"]
[PlyCount "70"]
[EventDate "2011.02.08"]
[EventType "swiss"]
[EventRounds "9"]
[EventCountry "RUS"]
[Source "lmi"]
[SourceDate "2011.02.08"]

1. c4 Nf6 2. Nc3 c6 3. e4 d6 4. d4 g6 5. h3 Bg7 6. Nf3 a6 7. Bf4 O-O 8. e5 Nh5
9. Bh2 f5 10. exf6 Rxf6 11. Be2 Nf4 12. O-O b5 13. Re1 h6 14. d5 c5 15. cxb5
axb5 16. Bxb5 Qf8 17. Re3 Nd7 18. a4 Rf5 19. Bxf4 Rxf4 20. Qc2 g5 21. Rae1 Ne5
22. Nxe5 Bxe5 23. Rxe5 dxe5 24. Qg6+ Kh8 25. Rxe5 Rxf2 26. Ne4 Bf5 27. Qb6 Bxe4
28. Rxe4 Rc2 29. Kh2 Rd8 30. Bf1 Rxd5 31. Qb3 Rdd2 32. a5 Qf6 33. Qb8+ Kg7 34.
Qe8 e6 35. Re1 Qxf1 0-1

[Event "Aeroflot Open 2011 B"]
[Site "Moscu RUS"]
[Date "2011.02.09"]
[Round "2.10"]
[White "Kanter, Eduard"]
[Black "Ismagambetov, Anuar"]
[Result "1-0"]
[WhiteElo "2429"]
[BlackElo "2499"]
[PlyCount "57"]
[EventDate "2011.02.08"]
[EventType "swiss"]
[EventRounds "9"]
[EventCountry "RUS"]
[Source "lmi"]
[SourceDate "2011.02.08"]

1. d4 Nf6 2. c4 e6 3. Nf3 b6 4. g3 Bb4+ 5. Nbd2 Bb7 6. Bg2 O-O 7. O-O Bxd2 8.
Bxd2 d6 9. b4 Nbd7 10. Bc3 Qe7 11. Qb3 Ne4 12. Bb2 a6 13. d5 Kh8 14. Nh4 f5 15.
Qe3 Rae8 16. Rad1 Qf7 17. Qd4 exd5 18. Nxf5 Ne5 19. cxd5 Qxf5 20. Bxe4 Qf7 21.
Bg2 Re7 22. f4 Ng4 23. e4 Bc8 24. h3 Nh6 25. g4 Bxg4 26. hxg4 Nxg4 27. Rd3 Rfe8
28. Rg3 Qh5 29. Bh3 1-0

[Event "Aeroflot Open 2011 B"]
[Site "Moscu RUS"]
[Date "2011.02.09"]
[Round "2.11"]
[White "Predke, Alexandr"]
[Black "Zhao, Xue"]
[Result "0-1"]
[WhiteElo "2415"]
[BlackElo "2494"]
[PlyCount "156"]
[EventDate "2011.02.08"]
[EventType "swiss"]
[EventRounds "9"]
[EventCountry "RUS"]
[Source "lmi"]
[SourceDate "2011.02.08"]

1. e4 e5 2. Nf3 Nc6 3. Bb5 a6 4. Ba4 Nf6 5. O-O Be7 6. Re1 b5 7. Bb3 d6 8. c3
O-O 9. h3 Nb8 10. d4 Nbd7 11. c4 c6 12. Qc2 Bb7 13. a3 bxc4 14. Bxc4 d5 15.
dxe5 Nxe4 16. Bf1 Bc5 17. Be3 Bxe3 18. Rxe3 Re8 19. Bd3 Ndc5 20. Bxe4 Nxe4 21.
Nbd2 c5 22. Nxe4 dxe4 23. Nd2 Rxe5 24. Nxe4 Qb6 25. Rae1 Qg6 26. f3 Rae8 27.
Qd2 Qb6 28. Nf2 Rxe3 29. Rxe3 Rb8 30. Rc3 h6 31. Qc2 Re8 32. Qd2 Bc8 33. Ne4
c4+ 34. Qf2 Qg6 35. Rxc4 Bxh3 36. Qg3 Qb6+ 37. Kh2 Bd7 38. Rc7 Bf5 39. Qd6 Qxb2
40. Ng3 Qe5 41. Qxe5 Rxe5 42. Nxf5 Rxf5 43. Rc4 Kf8 44. Re4 g5 45. Kg3 Kg7 46.
Ra4 a5 47. Kf2 h5 48. g4 hxg4 49. Rxg4 Kg6 50. Kg3 Rb5 51. a4 Rb3 52. Rc4 f5
53. Rc6+ Kh5 54. Rc5 f4+ 55. Kf2 Rb2+ 56. Ke1 Kh4 57. Rxa5 g4 58. fxg4 Kg3 59.
Rf5 f3 60. a5 f2+ 61. Kf1 Rb1+ 62. Ke2 Re1+ 63. Kd3 f1=Q+ 64. Rxf1 Rxf1 65. Kc4
Kf4 66. a6 Ke5 67. Kc5 Ra1 68. Kb6 Kd6 69. Kb7 Kd7 70. a7 Rb1+ 71. Ka6 Kc7 72.
a8=N+ Kc6 73. Ka7 Rb7+ 74. Ka6 Rb4 75. Ka7 Ra4+ 76. Kb8 Rxg4 77. Ka7 Rg7+ 78.
Kb8 Rh7 0-1

[Event "Aeroflot Open 2011 B"]
[Site "Moscu RUS"]
[Date "2011.02.09"]
[Round "2.12"]
[White "Gundavaa, Bayarsaikhan"]
[Black "Antipov, Mikhail Al"]
[Result "1/2-1/2"]
[WhiteElo "2493"]
[BlackElo "2358"]
[PlyCount "86"]
[EventDate "2011.02.08"]
[EventType "swiss"]
[EventRounds "9"]
[EventCountry "RUS"]
[Source "lmi"]
[SourceDate "2011.02.08"]

1. d4 Nf6 2. c4 c6 3. Nf3 d5 4. Nc3 e6 5. Bg5 h6 6. Bxf6 Qxf6 7. e3 Nd7 8. Bd3
Bd6 9. O-O Qe7 10. c5 Bc7 11. e4 O-O 12. exd5 exd5 13. Re1 Qf6 14. b4 Rd8 15.
Bc2 Nf8 16. h3 Ne6 17. Qd3 g6 18. Re3 Nf4 19. Qf1 h5 20. Rae1 Be6 21. Ne5 h4
22. Ne2 Re8 23. Rf3 Nxe2+ 24. Rxe2 Qg5 25. Qe1 Kg7 26. a4 Bxe5 27. Rxe5 Bd7 28.
Rfe3 Rxe5 29. Rxe5 Re8 30. Rxe8 Bxe8 31. Qe3 Qxe3 32. fxe3 f5 33. g3 hxg3 34.
Kg2 Kf6 35. Kxg3 a6 36. h4 Bf7 37. Kf4 Be8 38. Bd3 Bd7 39. Be2 Be8 40. Bf3 Bf7
41. Bg2 Be6 42. Bf1 Bd7 43. Bg2 Be6 1/2-1/2

[Event "Aeroflot Open 2011 B"]
[Site "Moscu RUS"]
[Date "2011.02.09"]
[Round "2.13"]
[White "Gavrilov, Alexei"]
[Black "Matinian, Nikita"]
[Result "1-0"]
[WhiteElo "2484"]
[BlackElo "2339"]
[PlyCount "79"]
[EventDate "2011.02.08"]
[EventType "swiss"]
[EventRounds "9"]
[EventCountry "RUS"]
[Source "lmi"]
[SourceDate "2011.02.08"]

1. d4 Nf6 2. c4 g6 3. Nc3 Bg7 4. e4 d6 5. Nf3 O-O 6. Be2 e5 7. O-O Nc6 8. d5
Ne7 9. a4 Ne8 10. a5 f5 11. Ng5 h6 12. Ne6 Bxe6 13. dxe6 Qc8 14. Nd5 Qxe6 15.
a6 c6 16. axb7 Rb8 17. Nxe7+ Qxe7 18. Rxa7 fxe4 19. Qa4 Rxb7 20. Ra6 Nc7 21.
Rxc6 Ne6 22. Bg4 Nd4 23. Ra6 h5 24. Bd1 Bf6 25. Qa3 Bg5 26. Bxg5 Qxg5 27. Rxd6
Rbf7 28. h4 Qxh4 29. Rxg6+ Rg7 30. Qd6 Rf5 31. g3 Qh3 32. Qd5+ Kh7 33. Rxg7+
Kxg7 34. Qxe4 Rg5 35. Bf3 h4 36. Bg2 Qe6 37. gxh4 Rg4 38. f4 Qxc4 39. Qxe5+ Kg8
40. Qe8+ 1-0

[Event "Aeroflot Open 2011 B"]
[Site "Moscu RUS"]
[Date "2011.02.09"]
[Round "2.14"]
[White "Kabanov, Nikolai"]
[Black "Poghosyan, Suren"]
[Result "1/2-1/2"]
[WhiteElo "2482"]
[BlackElo "2317"]
[PlyCount "308"]
[EventDate "2011.02.08"]
[EventType "swiss"]
[EventRounds "9"]
[EventCountry "RUS"]
[Source "lmi"]
[SourceDate "2011.02.08"]

1. e4 e6 2. d4 d5 3. e5 c5 4. c3 Nc6 5. Nf3 Nh6 6. Bd3 cxd4 7. cxd4 Nf5 8. Bxf5
exf5 9. O-O Be7 10. Nc3 Be6 11. Ne1 Qb6 12. Nc2 Rc8 13. f4 g6 14. Kh1 h5 15.
Qd3 a5 16. Na4 Qa6 17. Qxa6 bxa6 18. Nc3 O-O 19. a3 Rb8 20. Rd1 Rfd8 21. Ne3
Na7 22. Kg1 Kf8 23. Kf1 Nb5 24. Ne2 Na7 25. Ra2 Rb3 26. Bd2 Rdb8 27. Bc3 Nb5
28. Rd2 Rc8 29. Rc2 Kg7 30. Ra1 Na7 31. Nc1 Rbb8 32. Nd3 Kf8 33. Rac1 Nc6 34.
Rd1 Ke8 35. Rcd2 Rb5 36. Kf2 Bh4+ 37. Ke2 Be7 38. Kf3 Rb3 39. g3 Rb5 40. Kf2
Rd8 41. Rc2 Rc8 42. Nc1 Rb7 43. Ne2 Bd8 44. Ng1 Na7 45. Ne2 Bb6 46. Be1 Nc6 47.
Rcd2 Ba7 48. Nc3 Rd8 49. Kg2 Rbb8 50. Bf2 Rb3 51. Na4 Rb5 52. Rd3 Rb7 53. R1d2
Rc8 54. Nd1 Ne7 55. Ndc3 Nc6 56. Kf1 Rd7 57. Ke1 Rb7 58. Ne2 Rcb8 59. Kd1 Bd7
60. Nec3 Be6 61. Kc1 Rc7 62. Kb1 Rcb7 63. Ne2 Ne7 64. Rc3 Bc8 65. Nc1 Kd8 66.
Rdc2 Rb5 67. Ka2 Bd7 68. Nd3 Ra8 69. Nac5 Bc8 70. Nb3 Bd7 71. Ndc5 a4 72. Nd2
Bxc5 73. dxc5 Nc6 74. Rd3 Ke8 75. Nb1 d4 76. Nd2 Be6+ 77. Kb1 Bd5 78. Bxd4 Rd8
79. Bf2 Ba2+ 80. Kxa2 Rxd3 81. Nc4 Ke7 82. Nb6 Nd4 83. Bxd4 Rxd4 84. c6 Rxb6
85. c7 Rd8 86. cxd8=Q+ Kxd8 87. Rc4 f6 88. exf6 Rxf6 89. Rxa4 Kc7 90. Rd4 Re6
91. h4 Re3 92. Rc4+ Kb6 93. Rc3 Re2 94. Rd3 Kc5 95. Rc3+ Kb5 96. Kb3 Rg2 97.
a4+ Kb6 98. Re3 Kc5 99. Kc3 a5 100. Re5+ Kd6 101. Rxa5 Rxg3+ 102. Kd4 Kc7 103.
Ke5 Kb6 104. Rd5 Kc6 105. Rd4 Re3+ 106. Kf6 Re4 107. Rd3 Rxf4 108. Kxg6 Rxh4
109. b3 f4 110. Rf3 Rh1 111. Kf5 h4 112. Kxf4 Kc5 113. Kg4 Kb4 114. Kh5 Rg1
115. Kxh4 Rg8 116. Rg3 Rh8+ 117. Kg4 Rf8 118. Rf3 Rg8+ 119. Kf4 Re8 120. Re3
Rf8+ 121. Ke4 Rd8 122. Rh3 Rd7 123. Rf3 Rd8 124. Ke5 Rd1 125. Ke6 Rd2 126. Ke7
Rd1 127. Re3 Rd2 128. Re1 Ra2 129. Rb1 Rd2 130. Ra1 Rd5 131. Ke6 Rh5 132. Rb1
Rh6+ 133. Kd5 Rh5+ 134. Kd4 Rh4+ 135. Ke3 Rh3+ 136. Kf2 Rh2+ 137. Kg3 Re2 138.
Kf3 Re8 139. Kf2 Rf8+ 140. Ke2 Rh8 141. Kf3 Rf8+ 142. Ke4 Rh8 143. Ra1 Rh4+
144. Kd5 Rh5+ 145. Kd4 Rh4+ 146. Ke3 Rh3+ 147. Kf2 Kxb3 148. a5 Rh7 149. a6 Ra7
150. Ke3 Kc4 151. Ke4 Kc5 152. Ke5 Kb6 153. Kd6 Rxa6 154. Rxa6+ Kxa6 1/2-1/2